000 00808nam a22002657a 4500
999 _c13770
_d13770
003 MIRAKIL
005 20211214000618.0
008 200217b tu ||||| |||| 00| 0 tur d
020 _a9759205300
040 _aTR-AnCHP
_cTR-AnCHP
041 _atur
082 _a324.7
_bD38s 2004
100 1 _aDevran, Yusuf
245 1 0 _aSiyasal kampanya yönetimi:
_bMesaj, strateji ve taktikler/
_cYusuf Devran.
246 _aMesaj, strateji ve taktikler
250 _a2 bs.
260 _aİstanbul :
_bOdak İletişim,
_c2004.
300 _axx, 356 s. ;
_c22 sm.
504 _aKaynakça vardır.
650 0 _aSiyaset ve yönetim
_xTürkiye
_99
650 0 _96279
_aseçim kampanyaları
_zTürkiye
650 0 _96280
_aSiyasal kampanya yönetimi
740 _aMesaj, strateji ve taktikler
942 _2ddc
_cBKS